<?xml version="1.0" encoding="UTF-8"?><?xml-stylesheet type="text/xsl" href="static/style.xsl"?><OAI-PMH xmlns="http://www.openarchives.org/OAI/2.0/" xmlns:xsi="http://www.w3.org/2001/XMLSchema-instance" xsi:schemaLocation="http://www.openarchives.org/OAI/2.0/ http://www.openarchives.org/OAI/2.0/OAI-PMH.xsd"><responseDate>2026-04-13T02:27:27Z</responseDate><request verb="GetRecord" identifier="oai:www.recercat.cat:2117/91017" metadataPrefix="marc">https://recercat.cat/oai/request</request><GetRecord><record><header><identifier>oai:recercat.cat:2117/91017</identifier><datestamp>2026-01-23T02:50:20Z</datestamp><setSpec>com_2072_1033</setSpec><setSpec>col_2072_452949</setSpec></header><metadata><record xmlns="http://www.loc.gov/MARC21/slim" xmlns:dcterms="http://purl.org/dc/terms/" xmlns:xsi="http://www.w3.org/2001/XMLSchema-instance" xmlns:doc="http://www.lyncode.com/xoai" xsi:schemaLocation="http://www.loc.gov/MARC21/slim http://www.loc.gov/standards/marcxml/schema/MARC21slim.xsd">
   <leader>00925njm 22002777a 4500</leader>
   <datafield ind2=" " ind1=" " tag="042">
      <subfield code="a">dc</subfield>
   </datafield>
   <datafield ind2=" " ind1=" " tag="720">
      <subfield code="a">García Martín, Fernando M</subfield>
      <subfield code="e">author</subfield>
   </datafield>
   <datafield ind2=" " ind1=" " tag="720">
      <subfield code="a">Ros Sempere, Marcos</subfield>
      <subfield code="e">author</subfield>
   </datafield>
   <datafield ind2=" " ind1=" " tag="260">
      <subfield code="c">2016-07</subfield>
   </datafield>
   <datafield ind2=" " ind1=" " tag="520">
      <subfield code="a">The peri-urban area of the Huerta de Murcia, around the city of Murcia, in southeast Spain, fundamentally dedicated to agriculture, has undergone a process of peri-urbanisation during the past 40 years, caused by un-regulated construction.&#xd;
This agricultural area of about 10,000Ha originates from the ninth century, and is linked to an extensive network of canals channelled from the Segura River. This long-established irrigation system provides a much divided and fragmented agrarian morphology.&#xd;
Most building has been carried out over the last 4 decades, mainly of family housing but also of holiday properties, and this construction has not been regulated, resulting in a spontaneous phenomenon of dispersed occupation.&#xd;
Despite an apparent spontaneity and disorder in this occupation, this study uses an analysis methodology based on ortho-photographic series and cadastral data to show the existence of occupancy patterns, which vary over different periods.&#xd;
The analyses of these patterns, in addition to a proposed classification, are the main subjects of the study, and will show how goals and methodologies for intervention and action may be set up.</subfield>
   </datafield>
   <datafield tag="653" ind2=" " ind1=" ">
      <subfield code="a">Àrees temàtiques de la UPC::Urbanisme::Ordenació del territori</subfield>
   </datafield>
   <datafield tag="653" ind2=" " ind1=" ">
      <subfield code="a">Regional planning  -- Spain -- Murcia (Region)</subfield>
   </datafield>
   <datafield tag="653" ind2=" " ind1=" ">
      <subfield code="a">Peri-urbanisation</subfield>
   </datafield>
   <datafield tag="653" ind2=" " ind1=" ">
      <subfield code="a">Patterns</subfield>
   </datafield>
   <datafield tag="653" ind2=" " ind1=" ">
      <subfield code="a">Dispersion</subfield>
   </datafield>
   <datafield tag="653" ind2=" " ind1=" ">
      <subfield code="a">Murcia</subfield>
   </datafield>
   <datafield tag="653" ind2=" " ind1=" ">
      <subfield code="a">Ordenació del territori -- Múrcia (Comunitat autònoma)</subfield>
   </datafield>
   <datafield ind2="0" ind1="0" tag="245">
      <subfield code="a">Patterns of non-planned occupation of the peri-urban territory of the Huerta de Murcia, 1929-2015</subfield>
   </datafield>
</record></metadata></record></GetRecord></OAI-PMH>